Revenge of the Dreamers III: Director's Cut - Statistics

General Stats
  • This quiz has been taken 12 times
  • The average score is 11 of 30
Answer Stats
Track Title Credited Performers % Correct
1. Under The Sun J. Cole, Lute, DaBaby
91%
2. Down Bad JID, Bas, J. Cole, EARTHGANG, Young Nudy
82%
11. Costa Rica Bas, JID, Guapdad 4000, Reese LAFLARE, Jace, Mez, Smokepurpp, Buddy, Ski Mask The Slump God
64%
4. Swivel EARTHGANG
55%
7. Wells Fargo JID, EARTHGANG, Buddy, Guapdad 4000
55%
12. 1993 J. Cole, JID, Cozz, EARTHGANG, Smino, Buddy
45%
6. Don't Hit Me Right Now Bas, Cozz, Baby Tate, Guapdad 4000, Buddy
45%
3. LamboTruck Cozz, REASON, Childish Major
45%
16. MIDDLE CHILD J. Cole
45%
18. Sacrifices EARTHGANG, J. Cole, Smino, Saba
45%
19. Big Black Truck JID
36%
10. Ladies, Ladies, Ladies JID, T.I.
36%
5. Oh Wow...Swerve J. Cole, Zoink Gang, KEY!, Maxo Kream
36%
13. Rembrandt...Run It Back JID, J. Cole, Vince Staples
36%
29. Revenge Lute, Omen, Ari Lennox, EARTHGANG, Childish Major, Reason
36%
9. Self Love Ari Lennox, Bas, Baby Rose
36%
30. Still Dreamin JID, Lute, 6LACK
36%
26. Up Up Away JID, EARTHGANG, Vince Staples
36%
24. BUSSIT Ari Lennox
27%
27. No Chorus Bas, Dreezy, Buddy, Guapdad 4000
27%
25. Passcode Ari Lennox, Buddy, Smino, Mez, Guapdad 4000
27%
8. Sleep Deprived Lute, Omen, Mez, DaVionne
27%
28. Disgusted Cozz, Childish Major
18%
15. Got Me Ari Lennox, Omen, Ty Dolla $ign, Dreezy
18%
22. Late Night Cozz, Omen, Buddy, Landstrip Chip
18%
21. Outta Pocket Bas, Cozz, Girl Talk
18%
17. PTSD Omen, Mereba, Deante' Hitchcock, St. Beauty
18%
23. Spin Move Bas, Saba, Smino, The Hics
18%
20. Still Up EARTHGANG, REASON
18%
14. Sunset J. Cole, Young Nudy
18%
No matching quizzes found
Score Distribution
Percent of People with Each Score
Percentile by Number Answered
Your Score History
You have not taken this quiz